| 000 | 00490nam a2200181Ia 4500 | ||
|---|---|---|---|
| 003 | OSt | ||
| 005 | 20250116155439.0 | ||
| 008 | 210210b1946 xxu||||| |||| 00| 0 eng d | ||
| 040 | _cAL | ||
| 041 | _akan | ||
| 082 | _a854/9 | ||
| 100 |
_aKRASHNARAYA (A N) _9162271 _dಕೃಷ್ಣರಾಯ (ಅ ನ ಕೃ) |
||
| 245 |
_aKannadada dari: _bಕನ್ನಡದ ದಾರಿ |
||
| 260 |
_aBengaluru _b- _c1946 |
||
| 690 |
_aKannada Criticism _9162272 |
||
| 906 | _a019860 | ||
| 942 |
_2ddc _cBK |
||
| 999 |
_c144010 _d144010 |
||